000
00336nam a2200145Ia 4500
008
210210b1946 xxu||||| |||| 00| 0 eng d
041
_a
eng
082
_a
821/241
100
_a
GARROD (H W)
245
_a
Epigrams
260
_a
Oxford
_b
Basil Blackwell
_c
1946
650
_a
Epigrams
690
_a
English Literature
906
_a
011410
999
_c
130087
_d
130087